La Mauritanie pour les touristes... - Statistiques

Statistiques générales
  • Ce quiz a été pris 15 fois
  • Le résultat moyen est 9 sur 20
Statistiques - réponses
Question Indice Réponses % Correct
Quelle est la langue officielle ? Arabe
100%
Ce pays est plus grand que la France (oui/non) Oui
93%
Quel pays a accordé son indépendance à celui-ci ? France
86%
La religion majoritaire est Islam
86%
Le principal aéroport est N Nouakchott
79%
Quel est le régime du pays ? R I République islamique
79%
Dans la capitale quel est le décalage horaire avec Paris ? (+ ou - et chiffre) ex - 10 ou + 3,5 - 2
71%
Quelles sont les principaux lieux touristiques ? A Banc d'{Arguin}
57%
Quel est le climat local ? D Désertique
57%
Quelle est la monnaie ? Ouguiya
57%
Le suffixe internet est mr
50%
Code sur les plaques minéralogiques RIM
43%
Quelles sont les principaux lieux touristiques ? A Massif d'{Adrar}
29%
Quelles sont les principaux lieux touristiques ? C Ville de {Chinguetti}
29%
Quelles sont les principaux lieux touristiques ? E Route de l'{Espoir}
14%
Achats à faire 1/ Objets en cuir de Chameau
7%
Achats à faire 4/ Pipe en Ebène
0%
Quelles sont les principaux lieux touristiques ? M Fortin d'{Oualata}
0%
Achats à faire 2/ Coffret en argent touareg c'est-à-dire en Maillechort
0%
Achats à faire 3/ Vêtement local Meulfeu
0%
Aucun quiz correspondant
Distribution des résultats
% des personnes avec chaque résultat
Percentile par nombre de réponses
Votre historique - résultats
Vous n’avez pas pris ce quiz